000 00612nam a2200229Ia 4500
003 OSt
005 20220924130110.0
006 a|||||r|||| 00| 0
007 ta
008 220923b |||||||| |||| 00| 0 per d
024 _a327984
037 _cTextual
040 _aARTS
_cARTS
_bper
041 _2per
_aper
082 _aO164,1NPI,1, L9
100 _aSadiqi Abbas Au.
_9199505
245 0 _aGhazal-e-khoon
260 _aTehran
_bKitab-e-zaman Iran
_c1979
650 _aPERSIAN POETRY
942 _hO164,1NPI,1, L9
_cTEXL
_2CC
999 _c424066
_d424066